[Event "American Continental 15th"]
[Site "Sao Paulo"]
[Date "2019.07.10"]
[Round "8"]
[White "Dos Reis, Leandro Aparecido C"]
[Black "Carvalho, Guillermo"]
[Result "0-1"]
[WhiteElo "1990"]
[BlackElo "2162"]
[PlyCount "115"]
[EventDate "2019.07.05"]
[EventType "swiss"]
[EventRounds "11"]
[EventCountry "BRA"]
[SourceTitle "CBM 191 Extra"]
[Source "ChessBase"]
[SourceDate "2019.09.30"]
[SourceVersion "1"]
[SourceVersionDate "2019.09.30"]
[SourceQuality "1"]

1. d4 d5 2. e4 dxe4 3. Nc3 Nf6 4. f3 e3 5. Bxe3 e6 6. Bd3 Nc6 7. Nge2 Nb4 8. a3 Nbd5 9. Bf2 Nxc3 10. Nxc3 Be7 11. Qe2 Nd5 12. Nxd5 exd5 13. 0-0-0 0-0 14. h4 Re8 15. Rde1 Bd7 16. g4 b5 17. Qf1 b4 18. axb4 Bxb4 19. Re5 Rxe5 20. dxe5 a5 21. Qe2 a4 22. c3 Be7 23. f4 c5 24. c4 a3 25. b3 a2 26. Kb2 Qa5 27. Ra1 Qa3+ 28. Kc2 Rb8 29. Kd1 Qxb3+ 30. Bc2 Qh3 31. e6 Qh1+ 32. Be1 fxe6 33. Rxa2 Bxh4 34. Ra7 Bxe1 35. Qxe1 Qxe1+ 36. Kxe1 Rd8 37. Rc7 dxc4 38. Rxc5 Rc8 39. Rh5 g6 40. Ra5 Rf8 41. Ra7 Bc6 42. f5 gxf5 43. Rc7 Bd5 44. gxf5 exf5 45. Rc5 Be6 46. Re5 Rf6 47. Kf2 Kf7 48. Ke3 f4+ 49. Kf3 h6 50. Be4 Ke7 51. Rc5 Kd6 52. Rc6+ Ke5 53. Rc5+ Kd4 54. Rc6 h5 55. Rd6+ Ke5 56. Rc6 Bg4+ 57. Kf2 Rxc6 58. Bxc6 0-1

[Event "American Continental 15th"]
[Site "Sao Paulo"]
[Date "2019.07.07"]
[Round "4"]
[White "Dos Reis, Leandro Aparecido C"]
[Black "Fernandez, Maria Florencia"]
[Result "0-1"]
[WhiteElo "1990"]
[BlackElo "2220"]
[PlyCount "126"]
[EventDate "2019.07.05"]
[EventType "swiss"]
[EventRounds "11"]
[EventCountry "BRA"]
[SourceTitle "CBM 191 Extra"]
[Source "ChessBase"]
[SourceDate "2019.09.30"]
[SourceVersion "1"]
[SourceVersionDate "2019.09.30"]
[SourceQuality "1"]

1. d4 Nf6 2. c4 g6 3. Nc3 Bg7 4. e4 d6 5. Be2 0-0 6. Nf3 c5 7. 0-0 cxd4 8. Nxd4 Nc6 9. Nc2 Be6 10. Bd2 Rc8 11. Rc1 a5 12. b3 a4 13. Ne3 axb3 14. axb3 Nd4 15. Bd3 Nd7 16. Ne2 Ra8 17. Nxd4 Bxd4 18. Nc2 Bg7 19. Be3 Nc5 20. Nd4 Bd7 21. Bc2 Qa5 22. Bd2 Qb6 23. Be3 Ra2 24. Rb1 Qb4 25. Bd2 Qa3 26. Bc1 Qa7 27. Be3 Qa6 28. b4 Na4 29. Bb3 Nc3 30. Qd3 Nxb1 31. Qxb1 Ra3 32. Nc2 Rxb3 33. Qxb3 Ba4 34. Qd3 Rc8 35. Na3 Bb2 36. Nb5 Qc6 37. Na3 Bxa3 38. Qxa3 Bc2 39. c5 Bxe4 40. f3 Bf5 41. cxd6 Qxd6 42. Bc5 Qd7 43. Qe3 Be6 44. Re1 Ra8 45. Qg5 Re8 46. Qc1 Bd5 47. Qd2 e6 48. Qf4 h5 49. Bd4 Kh7 50. Qf6 Rg8 51. Ra1 e5 52. Qxe5 Qe6 53. Qg5 Re8 54. Bf2 Qe5 55. Qc1 Rc8 56. Qa3 Rc2 57. Re1 Qf4 58. Qa1 Qxb4 59. Re8 Rb2 60. Be1 Qc5+ 61. Kh1 Qc2 62. Qxb2 Qxb2 63. h4 Bc4 0-1

[Event "American Continental 15th"]
[Site "Sao Paulo"]
[Date "2019.07.07"]
[Round "3"]
[White "Tomiello, Lucas Costamilan"]
[Black "Dos Reis, Leandro Aparecido C"]
[Result "0-1"]
[WhiteElo "2133"]
[BlackElo "1990"]
[PlyCount "128"]
[EventDate "2019.07.05"]
[EventType "swiss"]
[EventRounds "11"]
[EventCountry "BRA"]
[SourceTitle "CBM 191 Extra"]
[Source "ChessBase"]
[SourceDate "2019.09.30"]
[SourceVersion "1"]
[SourceVersionDate "2019.09.30"]
[SourceQuality "1"]

1. e4 c5 2. Nf3 d6 3. d4 cxd4 4. Nxd4 Nf6 5. Nc3 a6 6. Bg5 Nbd7 7. Qd2 Qb6 8. 0-0-0 h6 9. Be3 Qc7 10. f3 e6 11. g4 Ne5 12. h4 h5 13. g5 Nfd7 14. f4 Ng4 15. g6 Ndf6 16. gxf7+ Qxf7 17. f5 g6 18. fxe6 Bxe6 19. Nxe6 Qxe6 20. Bg5 Be7 21. Qd4 Rc8 22. Bh3 0-0 23. Qd3 Qf7 24. Rdf1 Qg7 25. Rhg1 Ne5 26. Be6+ Kh7 27. Qg3 Rce8 28. Bf4 Bd8 29. Bxe5 dxe5 30. Bf5 Qh6+ 31. Qg5 gxf5 32. Qxh6+ Kxh6 33. exf5 Rg8 34. Rh1 Rg4 35. Rd1 Rf4 36. Rd6 Rxf5 37. Ne4 Rf4 38. Ng5 Rd4 39. Rg1 Rxd6 40. Nf7+ Kh7 41. Nxd6 Rg8 42. Re1 Bb6 43. Rxe5 Bc7 44. Re7+ Rg7 45. Nf7 Bf4+ 46. Kd1 Kg8 47. Rxb7 Rxf7 48. Rb6 Rd7+ 49. Ke2 Rd6 50. Rb8+ Kg7 51. Rb7+ Rd7 52. Rb6 Re7+ 53. Kd3 a5 54. c4 Re3+ 55. Kd4 Re2 56. c5 Be5+ 57. Kc4 Rc2+ 58. Kb5 Rxb2+ 59. Ka6 Rxa2 60. Re6 Bg3 61. c6 Kf7 62. Re3 Bd6 63. Rc3 Nd5 64. Rc4 a4 0-1

[Event "Sao Paulo Carnaval op"]
[Site "Sao Paulo"]
[Date "2019.03.04"]
[Round "5"]
[White "Nunes Filho, Marcelo Adriano"]
[Black "Dos Reis, Leandro Aparecido C"]
[Result "1/2-1/2"]
[WhiteElo "1843"]
[BlackElo "2007"]
[PlyCount "65"]
[EventDate "2019.03.02"]
[EventType "swiss"]
[EventRounds "7"]
[EventCountry "BRA"]
[SourceTitle "EXT 2020"]
[Source "ChessBase"]
[SourceDate "2019.10.17"]
[SourceVersion "1"]
[SourceVersionDate "2019.10.17"]
[SourceQuality "1"]

1. e4 c5 2. Nc3 Nc6 3. Nf3 e6 4. d4 cxd4 5. Nxd4 Nf6 6. Nxc6 bxc6 7. Bg5 Qa5 8. Bd2 Qc7 9. f4 e5 10. Qf3 exf4 11. Bxf4 Bd6 12. g3 0-0 13. 0-0-0 Be5 14. Bc4 d6 15. Bxe5 dxe5 16. h3 Rb8 17. g4 Be6 18. Bxe6 fxe6 19. Qe3 c5 20. Rh2 Rb4 21. Rf2 Rd4 22. Rdf1 Qb7 23. g5 Rb8 24. b3 Nxe4 25. Nxe4 Qxe4 26. Qxe4 Rxe4 27. Rf7 Re1+ 28. Rxe1 Kxf7 29. Rxe5 Rc8 30. Kd2 Rd8+ 31. Ke3 Rd5 32. Ke4 Rd4+ 33. Ke3 1/2-1/2

[Event "Sao Paulo-chT1"]
[Site "Sao Paulo"]
[Date "2019.02.24"]
[Round "3.2"]
[White "Kikuchi Cadilhac, Mariana Sawae"]
[Black "Dos Reis, Leandro Aparecido C"]
[Result "0-1"]
[WhiteElo "1643"]
[BlackElo "2007"]
[PlyCount "82"]
[EventDate "2019.02.23"]
[EventType "team-tourn"]
[EventRounds "7"]
[EventCountry "BRA"]
[SourceTitle "EXT 2021"]
[Source "ChessBase"]
[SourceDate "2020.10.23"]
[SourceVersion "1"]
[SourceVersionDate "2020.10.23"]
[SourceQuality "1"]
[WhiteTeam "Osasco III"]
[BlackTeam "Caetano CDRSJ"]
[WhiteTeamCountry "BRA"]
[BlackTeamCountry "BRA"]

1. e4 c5 2. Nc3 Nc6 3. g3 e6 4. Bg2 Nge7 5. d3 d5 6. Nge2 d4 7. Nb1 Bd7 8. Nd2 Qc7 9. 0-0 h5 10. h3 0-0-0 11. a3 h4 12. b4 f5 13. bxc5 Ng6 14. exf5 exf5 15. Nb3 Be6 16. Nf4 Nxf4 17. Bxf4 Qd7 18. Rc1 Be7 19. Qe2 Bd5 20. Rfe1 g5 21. Bd2 Bxg2 22. Kxg2 hxg3 23. fxg3 Qd5+ 24. Qf3 Qf7 25. Na5 Rh6 26. Nxc6 Rxc6 27. Re5 Rf8 28. Bb4 Bd8 29. Qd5 Qh7 30. Re6 Rc7 31. c6 Rh8 32. cxb7+ Kb8 33. Bd6 Qxh3+ 34. Kf2 f4 35. Rg1 f3 36. g4 Rf8 37. Qe5 Qh4+ 38. Qg3 Qh8 39. Bxf8 Qxf8 40. Rc6 Qe8 41. Kxf3 Qxc6+ 0-1

[Event "Florianopolis op 4th"]
[Site "Florianopolis"]
[Date "2018.01.24"]
[Round "9"]
[White "Silva, Janderson Rossi Da"]
[Black "Dos Reis, Leandro Aparecido C"]
[Result "0-1"]
[WhiteElo "1850"]
[BlackElo "2004"]
[PlyCount "54"]
[EventDate "2018.01.19"]
[EventType "swiss"]
[EventRounds "10"]
[EventCountry "BRA"]
[SourceTitle "EXT 2019"]
[Source "ChessBase"]
[SourceDate "2018.10.10"]
[SourceVersion "1"]
[SourceVersionDate "2018.10.10"]
[SourceQuality "1"]

1. e4 c5 2. Nf3 e6 3. Nc3 Nc6 4. g3 Nf6 5. Bg2 Be7 6. 0-0 d6 7. Re1 e5 8. d3 Be6 9. Ng5 Bg4 10. f3 Bd7 11. Be3 h6 12. Nh3 Nd4 13. Qd2 Bxh3 14. Bxd4 Bxg2 15. Bxe5 Bxf3 16. Bf4 Bg4 17. e5 dxe5 18. Bxe5 0-0 19. Qf4 Qd7 20. Rf1 Bh3 21. Rfe1 Qc6 22. Re2 Ng4 23. Ne4 f5 24. Nd2 Bg5 25. Qc4+ Kh7 26. Bf4 Rae8 27. Rae1 b5 0-1

[Event "Florianopolis op 4th"]
[Site "Florianopolis"]
[Date "2018.01.20"]
[Round "2"]
[White "Dos Reis, Leandro Aparecido C"]
[Black "Silva, Kaua Marques"]
[Result "1-0"]
[WhiteElo "2004"]
[BlackElo "1829"]
[PlyCount "91"]
[EventDate "2018.01.19"]
[EventType "swiss"]
[EventRounds "10"]
[EventCountry "BRA"]
[SourceTitle "CBM 182 Extra"]
[Source "ChessBase"]
[SourceDate "2018.02.23"]
[SourceVersion "1"]
[SourceVersionDate "2018.02.23"]
[SourceQuality "1"]

1. e4 c5 2. Nf3 Nc6 3. d4 cxd4 4. Nxd4 Nf6 5. Nc3 e5 6. Ndb5 d6 7. Nd5 Nxd5 8. exd5 Nb8 9. c4 Bd7 10. Bd3 Be7 11. 0-0 Na6 12. f4 Qb6+ 13. Kh1 Bxb5 14. cxb5 Nc7 15. fxe5 dxe5 16. Qh5 0-0-0 17. Rxf7 Nxd5 18. Qxe5 Qd6 19. Qxd6 Rxd6 20. Bd2 Bf6 21. Rd1 Rhd8 22. Bf5+ Kb8 23. Be4 Be5 24. Bf3 Nc7 25. Re7 Rxd2 26. Rxd2 Rxd2 27. Rxe5 Rxb2 28. h4 Rxb5 29. Re7 Rb4 30. h5 a5 31. Rxg7 Ne8 32. Rg8 Rb1+ 33. Kh2 Re1 34. h6 Ka7 35. Rg7 Nf6 36. Rxb7+ Ka6 37. Rc7 Kb5 38. g4 Re3 39. Kg2 Re5 40. Kg3 Rg5 41. Kh4 Rg6 42. g5 Kb4 43. Rc6 Ka3 44. Rxf6 Rg8 45. Ra6 Kb4 46. Be4 1-0

[Event "Florianopolis op 4th"]
[Site "Florianopolis"]
[Date "2018.01.19"]
[Round "1"]
[White "Cadilhac, Igor Tokuichi Kikuc"]
[Black "Dos Reis, Leandro Aparecido C"]
[Result "1-0"]
[WhiteElo "2215"]
[BlackElo "2004"]
[PlyCount "87"]
[EventDate "2018.01.19"]
[EventType "swiss"]
[EventRounds "10"]
[EventCountry "BRA"]
[SourceTitle "CBM 182 Extra"]
[Source "ChessBase"]
[SourceDate "2018.02.23"]
[SourceVersion "1"]
[SourceVersionDate "2018.02.23"]
[SourceQuality "1"]

1. e4 c5 2. Nf3 d6 3. d4 cxd4 4. Nxd4 Nf6 5. Nc3 a6 6. f4 Bg4 7. Be2 Bxe2 8. Qxe2 e6 9. Be3 Nc6 10. 0-0-0 Qc7 11. g4 Be7 12. f5 Nxd4 13. Bxd4 0-0-0 14. g5 Ne8 15. h4 h6 16. g6 Bf6 17. gxf7 Qxf7 18. Qc4+ Nc7 19. fxe6 Qxe6 20. Nd5 Rd7 21. Bxf6 gxf6 22. Nb6+ Kd8 23. Qb4 a5 24. Qa3 Rg8 25. Nxd7 Kxd7 26. Rxd6+ Qxd6 27. Rd1 Qxd1+ 28. Kxd1 b6 29. Qa4+ b5 30. Qxa5 Rg1+ 31. Ke2 Rg2+ 32. Kd3 Rg3+ 33. Kd4 Kc6 34. e5 Rg4+ 35. Ke3 fxe5 36. Qe1 h5 37. Kd2 e4 38. b3 Nd5 39. c4 bxc4 40. bxc4 Nb6 41. Kc3 Kc5 42. Qe3+ Kc6 43. Qh6+ Kc7 44. Qxh5 1-0

[Event "BRA-ch sf Reg1 84th"]
[Site "Sao Paulo"]
[Date "2017.12.10"]
[Round "7"]
[White "Dos Reis, Leandro Aparecido C"]
[Black "Alboredo, Julia"]
[Result "0-1"]
[WhiteElo "2036"]
[BlackElo "2119"]
[PlyCount "104"]
[EventDate "2017.12.07"]
[EventType "swiss"]
[EventRounds "7"]
[EventCountry "BRA"]
[SourceTitle "CBM 182 Extra"]
[Source "ChessBase"]
[SourceDate "2018.02.23"]
[SourceVersion "1"]
[SourceVersionDate "2018.02.23"]
[SourceQuality "1"]

1. d4 Nf6 2. c4 g6 3. Nc3 Bg7 4. e4 d6 5. Be2 0-0 6. Nf3 e5 7. 0-0 Nc6 8. dxe5 dxe5 9. Bg5 Qxd1 10. Rfxd1 Bg4 11. h3 Bxf3 12. Bxf3 Nd4 13. Nd5 Nxd5 14. cxd5 f5 15. Rac1 Rac8 16. Be3 fxe4 17. Bg4 Nf5 18. Bc5 Rfd8 19. Rc4 h5 20. Be2 Nd4 21. Bf1 Rxd5 22. Bxa7 Nf3+ 23. gxf3 Rxd1 24. fxe4 Ra8 25. Be3 Rxa2 26. Kg2 Rxb2 27. Rxc7 Rd8 28. Bc4+ Kh7 29. Bg5 Rf8 30. Be3 b5 31. Rb7 b4 32. Bd5 Rc8 33. Bg5 Rcc2 34. Bh4 g5 35. Bg3 h4 36. Bxe5 Rxf2+ 37. Kg1 Rg2+ 38. Kh1 Rbc2 39. Rxg7+ Kh6 40. Rb7 Rgd2 41. Bg7+ Kg6 42. Bf7+ Kxg7 43. Bb3+ Kf6 44. Bxc2 Rxc2 45. Rxb4 Rc5 46. Rb8 Ke5 47. Re8+ Kf4 48. Rf8+ Kg3 49. Kg1 Kxh3 50. Rf5 Rc1+ 51. Kf2 g4 52. Rg5 g3+ 0-1

[Event "BRA-ch sf Reg1 84th"]
[Site "Sao Paulo"]
[Date "2017.12.07"]
[Round "1"]
[White "Dos Reis, Leandro Aparecido C"]
[Black "Mekhitarian, Krikor Sevag"]
[Result "0-1"]
[WhiteElo "2036"]
[BlackElo "2522"]
[PlyCount "78"]
[EventDate "2017.12.07"]
[EventType "swiss"]
[EventRounds "7"]
[EventCountry "BRA"]
[SourceTitle "CBM 182 Extra"]
[Source "ChessBase"]
[SourceDate "2018.02.23"]
[SourceVersion "1"]
[SourceVersionDate "2018.02.23"]
[SourceQuality "1"]

1. a3 e5 2. c4 Nf6 3. d3 Nc6 4. Nf3 d5 5. cxd5 Nxd5 6. e4 Nb6 7. Be2 Be7 8. 0-0 0-0 9. Nc3 Be6 10. Be3 Bf6 11. Na4 Nd4 12. Nxd4 exd4 13. Bf4 Be7 14. Rc1 Nxa4 15. Qxa4 c5 16. Qd1 a5 17. Bg4 a4 18. Bxe6 fxe6 19. Qg4 Qd7 20. Be5 Bd6 21. Qg3 Bxe5 22. Qxe5 b6 23. f4 Rf6 24. Rf3 Raf8 25. Rcf1 R6f7 26. Rg3 Qe7 27. Rff3 Rd8 28. Rh3 Qf6 29. Qh5 g6 30. Qh6 b5 31. Rhg3 Kh8 32. Rg5 Rc8 33. Qh3 c4 34. e5 Qe7 35. Rxg6 c3 36. Rxe6 Qc5 37. Qh5 c2 38. Qxf7 c1Q+ 39. Rf1 Qxf1+ 0-1

[Event "Sao Paulo Karman Cup 13th"]
[Site "Sao Paulo"]
[Date "2017.11.24"]
[Round "2"]
[White "Funayama S A, Yuri"]
[Black "Dos Reis, Leandro Aparecido C"]
[Result "0-1"]
[WhiteElo "1329"]
[BlackElo "2033"]
[PlyCount "56"]
[EventDate "2017.11.24"]
[EventType "swiss"]
[EventRounds "6"]
[EventCountry "BRA"]
[SourceTitle "CBM 181 Extra"]
[Source "ChessBase"]
[SourceDate "2017.12.12"]
[SourceVersion "1"]
[SourceVersionDate "2017.12.12"]
[SourceQuality "1"]

1. d4 d5 2. Nf3 c5 3. c3 cxd4 4. cxd4 Nc6 5. Bf4 Qb6 6. Qc2 Nxd4 7. Nxd4 Qxd4 8. e3 Qb6 9. Bd3 Nf6 10. 0-0 e6 11. Be5 Bd6 12. Bd4 Qc7 13. Qxc7 Bxc7 14. Rc1 Bd6 15. Nd2 Bd7 16. a3 e5 17. Bc3 0-0 18. Bc2 Rfe8 19. Nf3 Bc6 20. b4 Rad8 21. Bb3 d4 22. exd4 Bxf3 23. dxe5 Bxg2 24. exf6 Bc6 25. fxg7 Re4 26. Rd1 Rg4+ 27. Kf1 Re8 28. f3 Bb5+ 0-1

[Event "BRA-ch Amateur U2000"]
[Site "Sao Paulo"]
[Date "2017.10.15"]
[Round "7"]
[White "Dos Reis, Leandro Aparecido C"]
[Black "Carvalho, Celestino Jr"]
[Result "1-0"]
[WhiteElo "1995"]
[BlackElo "1983"]
[PlyCount "107"]
[EventDate "2017.10.12"]
[EventType "swiss"]
[EventRounds "7"]
[EventCountry "BRA"]
[SourceTitle "EXT 2019"]
[Source "ChessBase"]
[SourceDate "2018.10.10"]
[SourceVersion "1"]
[SourceVersionDate "2018.10.10"]
[SourceQuality "1"]

1. d4 Nf6 2. c4 e6 3. Nc3 Bb4 4. e3 d5 5. Nge2 0-0 6. a3 Be7 7. c5 Nc6 8. Nf4 b6 9. b4 bxc5 10. bxc5 a6 11. Be2 Bb7 12. Rb1 Ra7 13. Qa4 Qa8 14. 0-0 Re8 15. Nd3 Ne4 16. Na2 f5 17. Rxb7 Qxb7 18. Ne5 Raa8 19. Nxc6 Qb1 20. Nxe7+ Rxe7 21. Qc6 Rf8 22. Nb4 a5 23. Na6 Rff7 24. a4 Qa2 25. Bd3 Nc3 26. Bb5 g5 27. Nb8 Qc2 28. Qa6 Na2 29. Nc6 Nxc1 30. Nxe7+ Rxe7 31. Qc8+ Kg7 32. Bd7 Ne2+ 33. Kh1 Qc4 34. Bb5 Qc2 35. Qd8 Kf6 36. Qf8+ Rf7 37. Qh6+ Ke7 38. Qxg5+ Kf8 39. Qh6+ Ke7 40. Qh4+ Kf8 41. Qd8+ Kg7 42. Be8 Qd3 43. Qg5+ Kf8 44. Bb5 Qd2 45. h4 Nc3 46. Qd8+ Kg7 47. Be8 Qe2 48. Kg1 Qd3 49. Bxf7 Ne2+ 50. Kh2 Kxf7 51. Qxc7+ Kg6 52. Qe7 Nc3 53. Qxe6+ Kg7 54. Ra1 1-0

[Event "BRA-ch Amateur U2000"]
[Site "Sao Paulo"]
[Date "2017.10.13"]
[Round "3"]
[White "Dos Reis, Leandro Aparecido C"]
[Black "Reinaldo Dos Santos, Julio"]
[Result "1-0"]
[WhiteElo "1995"]
[BlackElo "1946"]
[PlyCount "43"]
[EventDate "2017.10.12"]
[EventType "swiss"]
[EventRounds "7"]
[EventCountry "BRA"]
[SourceTitle "EXT 2022"]
[Source "ChessBase"]
[SourceDate "2021.10.06"]
[SourceVersion "1"]
[SourceVersionDate "2021.10.06"]
[SourceQuality "1"]

1. e4 d6 2. d4 Nf6 3. Nc3 g6 4. f3 Bg7 5. Be3 0-0 6. Qd2 c6 7. 0-0-0 b5 8. g4 Qa5 9. Kb1 Nbd7 10. h4 Nb6 11. Nd5 Qxd2 12. Nxe7+ Kh8 13. Bxd2 Bd7 14. Bb4 Ne8 15. g5 f6 16. h5 fxg5 17. hxg6 h6 18. Bh3 Bxh3 19. Rxh3 Rf6 20. d5 cxd5 21. Bc3 Re6 22. Rxh6# 1-0

[Event "BRA-ch Amateur U2000"]
[Site "Sao Paulo"]
[Date "2017.10.12"]
[Round "1"]
[White "Dos Reis, Leandro Aparecido C"]
[Black "Serafim Junior, Arnor"]
[Result "1-0"]
[WhiteElo "1995"]
[BlackElo "1881"]
[PlyCount "59"]
[EventDate "2017.10.12"]
[EventType "swiss"]
[EventRounds "7"]
[EventCountry "BRA"]
[SourceTitle "EXT 2019"]
[Source "ChessBase"]
[SourceDate "2018.10.10"]
[SourceVersion "1"]
[SourceVersionDate "2018.10.10"]
[SourceQuality "1"]

1. a3 c5 2. Nf3 g6 3. g3 Bg7 4. c4 b6 5. Bg2 Bb7 6. 0-0 Nf6 7. Nc3 0-0 8. b4 d6 9. Bb2 Nbd7 10. d3 Ng4 11. h3 Ngf6 12. Qb3 Rc8 13. Rfe1 Qc7 14. e4 e6 15. e5 dxe5 16. Nb5 Qb8 17. Nxe5 Bxg2 18. Nxd7 Nxd7 19. Kxg2 a6 20. Nc3 Ne5 21. Ne4 Nxd3 22. Nf6+ Bxf6 23. Bxf6 Nxe1+ 24. Rxe1 h5 25. Re5 Kh7 26. Qd3 Kh6 27. Qe3+ Kh7 28. Rxh5+ gxh5 29. Qg5 Qb7+ 30. f3 1-0